| 000 | 00000nam##2200000za#4500 |
| 001 | 9.573843 |
| 003 | CaOODSP |
| 005 | 20210624183908 |
| 007 | cr ||||||||||| |
| 008 | 150406|1992||||xxc|||||o f|0| 0 eng|d |
| 022 | |a1488-5379 |
| 040 | |aCaOODSP|beng |
| 043 | |an-cn--- |
| 086 | 1 |aFs97-6/1811E-PDF |
| 110 | 1 |aCanada. |bDepartment of Fisheries and Oceans. |bCentral and Arctic Region. |
| 245 | 10|aCoregonid migration studies at Kukjuktuk Creek, a coastal drainage on the Tuktoyaktuk Peninsula, Northwest Territories / |h[electronic resource]|cby K.T.J. Chang-Kue and E.F. Jessop. |
| 260 | |aWinnipeg - Manitoba : |bFisheries and Oceans Canada. |c1992. |
| 300 | |a123p.|bgraphs, maps, references, tables |
| 490 | 1 |aCanadian technical report of fisheries and aquatic sciences|x1488-5379|vNo. 1811 |
| 500 | |aThe catalogue number (Fs97-6/1811E) and ISSN (0706-6457) for the print edition have been incorrectly copied in this electronic publication. |
| 546 | |a(Résumé en français) |
| 590 | |a12-22-Supp|b2012-05-24 |
| 720 | 1 |aJessop, E. F. |
| 720 | 1 |aChang-Kue, K. T. J. |
| 776 | 0#|tCoregonid migration studies at Kukjuktuk Creek, a coastal drainage on the Tuktoyaktuk Peninsula, Northwest Territories / |w(CaOODSP)9.610034 |
| 830 | #0|aCanadian technical report of fisheries and aquatic sciences,|x1488-5379|vNo. 1811|w(CaOODSP)9.504449 |
| 856 | 40|ahttp://publications.gc.ca|qPDF|s4.34 MB|uhttps://publications.gc.ca/collections/collection_2012/mpo-dfo/Fs97-6-1811-eng.pdf|yNo. 1811 |